Foundations of inference in natural science / (Record no. 7342)
[ view plain ]
| 000 -LEADER | |
|---|---|
| fixed length control field | 00660nam a2200229 a 4500 |
| 001 - CONTROL NUMBER | |
| control field | 7342 |
| 003 - CONTROL NUMBER IDENTIFIER | |
| rucl marc code | BD-RjUL |
| 005 - DATE AND TIME OF LATEST TRANSACTION | |
| control field | 20211208234412.0 |
| 008 - FIXED-LENGTH DATA ELEMENTS--GENERAL INFORMATION | |
| fixed length control field | 140113s1952 enk 001 0 eng d |
| 035 ## - SYSTEM CONTROL NUMBER | |
| System control number | BD-RjUL)7385 |
| -- | (OCoLC)816697 |
| 040 ## - CATALOGING SOURCE | |
| Original cataloging agency | BD-RjUL |
| Language of cataloging | eng |
| Transcribing agency | BD-RjUL |
| 041 ## - LANGUAGE CODE | |
| Language code of text/sound track or separate title | eng |
| 082 00 - DEWEY DECIMAL CLASSIFICATION NUMBER | |
| Classification number | 501.8 |
| Edition number | 18 |
| Author mark and year | WIF 1952 |
| 100 1# - MAIN ENTRY--PERSONAL NAME | |
| Personal name | Wisdom, J. O. |
| Fuller form of name | (John Oulton) |
| 9 (RLIN) | 22940 |
| 245 10 - TITLE STATEMENT | |
| Title | Foundations of inference in natural science / |
| Statement of responsibility, etc. | by John Oulton Wisdom. |
| 260 ## - PUBLICATION, DISTRIBUTION, ETC. (IMPRINT) | |
| Place of publication, distribution, etc. | London : |
| Name of publisher, distributor, etc. | Methuen, |
| Date of publication, distribution, etc. | 1952. |
| 300 ## - PHYSICAL DESCRIPTION | |
| Pagination | x, 242 p. ; |
| Size | 22 cm. |
| 504 ## - BIBLIOGRAPHY, ETC. NOTE | |
| Bibliography, etc | Includes index. |
| 650 #0 - SUBJECT ADDED ENTRY--TOPICAL TERM | |
| Topical term or geographic name as entry element | Inference. |
| 9 (RLIN) | 21188 |
| Topical term or geographic name as entry element | Science |
| General subdivision | Philosophy. |
| 9 (RLIN) | 22941 |
| 942 ## - ADDED ENTRY ELEMENTS (KOHA) | |
| Source of classification or shelving scheme | Dewey Decimal Classification |
| Koha item type | Books |
| Lost status | Source of classification or shelving scheme | Damaged status | Not for loan | Collection code | Permanent Location | Current Location | Shelving location | Date acquired | Source of acquisition | Cost, normal purchase price | Total Checkouts | Full call number | Date last seen | Copy number | Koha item type |
|---|---|---|---|---|---|---|---|---|---|---|---|---|---|---|---|
| Dewey Decimal Classification | Not For Loan | Non-fiction | Central Library, University of Rajshahi | Central Library, University of Rajshahi | 07/03/1963 | Zeithlinger. | 25.00 | 501.8 WIF 1952 | 13/01/2014 | C-1 | Books |